Шевченкознавчі студії (Запис № 572287)

МАРК-запис
000 -Лідер
fixed length control field 01093 a2200253 4500
003 - Ідентифікатор контрольного номера
control field UA-OsUOA
005 - Дата та час останнього входження (трансакції)
control field 20220318195751.0
008 - Елементи даних фіксованої довжини – загальна інформація
fixed length control field 220318b un ||||| |||| 00| 0 ukr d
022 ## - Міжнародний стандартний серіальний номер (ISSN)
Міжнародний стандартний серіальний номер (ISSN) 24104094
040 ## - Джерело каталогізації
Агенція оригінальної каталогізації UA-OsUOA
Мова каталогізації ukr
Агенція, яка здійснювала перезапис UA-OsUOA
Агенція, яка здійснювала модифікацію UA-OsUOA
041 ## - Код мови
Код мови тексту/ звукової доріжки чи окремого заголовка (П) ukr
080 ## - Індекс Універсальної десяткової класифікації
Індекс Універсальної десяткової класифікації (УДК) (НП) 82.09(477)
090 ## - Локальний шифр розміщення
Класифікаційний індекс УДК 82.09(477)
Авторський знак (НП) Ш37
110 ## - Наймення організації – загальна інформація
Найменування колективу або юрисдикції як початковий елемент введення Міністерство освіти і науки України
245 ## - Відомості про назву
Назва (НП) Шевченкознавчі студії
Дані про відповідальність (НП) гол.ред. В. Чернецький
Номер частини/ розділу роботи (П) Вип. 1(23)
Решта назви (НП) збірник наукових праць
260 ## - Публікація, розповсюдження і т.п. (Вихідні дані)
Місце публікації, розповсюдження і т.п. (П) К.
Ім’я/ наймення видавництва, розповсюджувача і т.п. (П) Київський університет
Дата публікації, розповсюдження і т.п. (П) 2020
300 ## - Фізичний опис
Обсяг 176 с.
650 ## - Додаткове предметне введення – тематичний термін
Джерело заголовка чи терміна UDC
Тематичний термін чи географічна назва, як елемент введення (НП) 82 Література. Літературознавство
700 1# - Додаткове введення – ім'я особи
Ім’я особи (НП) Чернецький В.
Термін відношення гол. ред.
710 1# - Додаткове введення – наймення організації
Наймення організації або юрисдикції, як елемент введення Київський національний університет імені Тараса Шевченка
942 ## - Додаткові елементи входу (Коха)
Тип елемента Koha Книги
Source of classification or shelving scheme Universal Decimal Classification
955 ## - Код типу видання за змістом
Код типу видання за змістом (НП) Наукові видання
Фонди
Стан вилучень Стан втрат Джерело класифікації або схеми стелажів Стан уражень Не для кредиту Постійне місце розташування Поточне розміщення Дата придбання Джерело придбання Вартість, звичайна ціна покупки Усього замовленно Повний номер виклику Штрих-код Дата останнього перегляду Вартість, ціна заміни Ціна ефективна від Тип елемента Koha
    Universal Decimal Classification     ЧЗ - Читальна зала ЧЗ - Читальна зала 18/03/2022 №8/11.03.22 45.00   82.09(477) Ш37 164482 18/03/2022 45.00 18/03/2022 Книги